Fr. Conceicao Rodrigues College of Engineering

Fundamentals of Electronic image processing (Record no. 17789)

MARC details
000 -LEADER
fixed length control field 00328nam a2200145Ia 4500
082 ## - DEWEY DECIMAL CLASSIFICATION NUMBER
Classification number 621.399
Item number WEE
100 ## - MAIN ENTRY--PERSONAL NAME
Personal name Weeks/Arthur R
245 ## - TITLE STATEMENT
Title Fundamentals of Electronic image processing
260 ## - PUBLICATION, DISTRIBUTION, ETC.
Name of publisher, distributor, etc. Prentice Hall
Date of publication, distribution, etc. 1999
300 ## - PHYSICAL DESCRIPTION
Extent 570
546 ## - LANGUAGE NOTE
Language note ENGLISH
654 ## - SUBJECT ADDED ENTRY--FACETED TOPICAL TERMS
Focus term image processing
942 ## - ADDED ENTRY ELEMENTS (KOHA)
Koha item type BOOK
Holdings
Withdrawn status Lost status Damaged status Not for loan Collection Home library Current library Date acquired Total Checkouts Full call number Barcode Date last seen Price effective from Koha item type
        CRC Fr. Agnel's C.Rodrigues College of Engineering Fr. Agnel's C.Rodrigues College of Engineering 17/03/2023   621.399 WEE 14437 17/03/2023 17/03/2023 BOOK